Cyclisme : Top 20 des Championnats d'Europe 2025 - Statistiques

Statistiques générales
  • Ce quiz a été pris 51 fois
  • Le résultat moyen est 9 sur 17
Statistiques - réponses
Position Pays Représenté Coureur % Correct
1er Slovenie Tadej Pogacar
100%
2eme Belgique Remco Evenepoel
96%
3eme France Paul Seixas
94%
6eme Espagne Juan Ayuso
73%
4eme Italie Christian Scaroni
71%
5eme Lettonie Toms Skujins
69%
8eme France Pavel Sivakov
67%
10eme France Romain Gregoire
67%
16eme France Aurelien Paret-Peintre
61%
7eme Danemark Mattias Skjelmose
59%
12eme France Nicolas Prodhomme
39%
15eme Autriche Felix Grossschartner
24%
13eme Belgique Tiesj Benoot
24%
14eme Belgique Louis Vervaeke
20%
9eme Italie Gianmarco Garofoli
14%
11eme Italie Marco Frigo
14%
17eme Luxembourg Matz Wenzel
10%
Aucun quiz correspondant
Distribution des résultats
% des personnes avec chaque résultat
Percentile par nombre de réponses
Votre historique - résultats
Vous n’avez pas pris ce quiz